000 00695nam a2200157 a 4500
001 000030544
005 20200930062353.0
008 110523q1940 dr c 000 | spa d
040 _aDO-SdBNP
_bspa
_cBNPHU
082 _axxx
_bT866m
100 1 _aRepública Dominicana.
_bPresidente (1930-1961 : Trujillo)
_956215
245 1 0 _aMensaje que dirige a sus compatriotas el generalísimo Doctor Rafael Leónidas Trujillo Molina. Benefactor de la patria, con motivo del décimo aniversario de haber asumido la dirección política del pueblo dominicano.
260 _aCiudad Trujillo, República Dominicana :
_bImprenta Listín Diario,
_c[1940?].
300 _a16 p. :
_bretr. ;
_c24 cm.
049 _aBNPD
999 _c30036
_d30036